| 000 | 00954nam a2200205 a 4500 | ||
|---|---|---|---|
| 008 | 120416s1996 ||||||||||||||||| || u | ||
| 020 | _a0852968191 | ||
| 050 | _aTK 6565.W3 Pro | ||
| 100 | _aBarclay, L. W | ||
| 245 | 1 | 0 |
_aPropagation of radiowaves _cedited by M. P. M. Hall |
| 260 |
_aLondon _bThe IEE _c1996 |
||
| 300 | _axvi, 446p. : ill. | ||
| 350 | _a0.00 | ||
| 650 | _aRADIO | ||
| 650 | _aPROPAGATION OF RADIOWAVES | ||
| 700 | _aHewitt, M. T | ||
| 995 |
_aMAIN LIBRARY OPEN ACCESS _D0.00 _e735881 _FCBU-MAIN LIBRARY (Kitwe) _H1 _I25.00 _jTK 6565.W3 Pro _M1 _UAVAILABLE _WMay 31, 2006 _y38711 _ZMain Library Open Access Collection |
||
| 995 |
_aANNEX COLLECTION (Main Library) _D0.00 _e735587 _FCBU-MAIN LIBRARY (Kitwe) _H2 _I25.00 _jTK 6565.W3 Pro _M2 _UAVAILABLE _y48669 _ZAnnex Low-Usage Collection |
||
| 995 |
_aMAIN LIBRARY OPEN ACCESS _D0.00 _e735880 _FCBU-MAIN LIBRARY (Kitwe) _H3 _I25.00 _jTK 6565.W3 Pro _UAVAILABLE _y38768 _ZMain Library Open Access Collection |
||
| 999 |
_c77096 _d77096 |
||